| 000 | 00643nam a2200241 i 4500 | ||
|---|---|---|---|
| 001 | bg | ||
| 100 | 1 | _aCZAJKA, Marek | |
| 245 | 1 | 0 |
_aMandrake Linux / _cMarek Czajka, Łukasz Kołodziej. |
| 260 |
_aGliwice : _b"Helion", _c2004. |
||
| 300 |
_a357 s. : _bil. ; _c24 cm. |
||
| 504 | _aIndeks. | ||
| 650 | 9 | _aLinux | |
| 655 | _aPodręczniki | ||
| 700 | 1 | _aKOŁODZIEJ, Łukasz | |
| 020 | _a8373613676 | ||
| 040 | _cBPK | ||
| 041 | 0 | _apol | |
| 080 | _a004.451(07) | ||
| 920 | _a83-7361-367-6 | ||
| 942 | _cKS | ||
| 008 | s pl f |000 0 pol | ||
| 999 |
_c45429 _d45429 |
||
| 856 |
_uhttp://koha.tu.koszalin.pl/cgi-bin/koha/opac-detail.pl?biblionumber=45429 _yKatalog online BPK |
||